00549nam a2200193 a 450000100060000000300090000600800410001501500210005602000180007704000280009508200150012324500690013825000120020726000300021930000190024949000200026850000320028865000350032025166CO-ViMGA141112s2004 ck r 000 u spa d ack - 2012 - xxxx a9789588257631 aCO-ViMGAbspacCO-ViMGA04aCo868.620910aLa olla mágica [braille] : brelato de la tradición oriental a1a. ed. aBogotá : bINCI, c2012 a62 p. ; 25 cm. aLibro al viento aTexto en imprenta y braille14aCuentos colombianos - Siglo XX